书目信息 |
| 题名: |
中华人民共和国行业标准 城市人行天桥与人行地道技术规范 CJJ 69-95
|
|
| 作者: | 北京市市政工程研究院 主编 | |
| 分册: | ||
| 出版信息: | 北京 中国建筑工业出版社 1996.10 |
|
| 页数: | 59页 | |
| 开本: | 32开 | |
| 丛书名: | ||
| 单 册: | ||
| 中图分类: | U448.11-65 | |
| 科图分类: | ||
| 主题词: | 桥涵工程 | |
| 电子资源: | ||
| ISBN: | ||
| 000 | 00752nam0 2200193 45 | |
| 001 | 0010030851 | |
| 005 | 20001003084702.5 | |
| 010 | @d6.00元 | |
| 100 | @a20001003d1996 km y0chiy0120 ea | |
| 101 | 0 | @achi |
| 105 | @a z 000yy | |
| 200 | 1 | @a中华人民共和国行业标准 城市人行天桥与人行地道技术规范 CJJ 69-95@AZhong Hua Ren Min Gong He Guo Hang Ye Biao Zhun Cheng Shi Ren Xing Tian Qiao Yu Ren Xing Di Dao Ji Shu Gui Fan CJJ 69-95@f北京市市政工程研究院 主编@FBei Jing Shi Shi Zheng Gong Cheng Yan Jiu Yuan Zhu Bian |
| 210 | @a北京@c中国建筑工业出版社@d1996.10 | |
| 215 | @a59页@d32开 | |
| 606 | 0 | @a桥涵工程 |
| 690 | @aU448.11-65@v3 | |
| 701 | 0 | @a北京市市政工程研究院@4主编 |
| 801 | @aCN@bPftUser@c20001003 | |
| 905 | @b162653-657@dU448.11-65@eB:785@f5 | |
| 中华人民共和国行业标准 城市人行天桥与人行地道技术规范 CJJ 69-95/北京市市政工程研究院 主编.-北京:中国建筑工业出版社,1996.10 |
| 59页;32开 |
| ISBN :6.00元 |
| ● |
| 相关链接 |
|
|
|
正题名:中华人民共和国行业标准城市人行天桥与人行
索取号:U448.11-65/B:785
 
预约/预借
| 序号 | 登录号 | 条形码 | 馆藏地/架位号 | 状态 | 备注 |
| 1 | 162653 | 201626534 | 自科库501/501自科库 54排4列3层/ [索取号:U448.11-65/B:785] | 在馆 | |
| 2 | 162654 | 201626543 | 自科库501/501自科库 54排4列3层/ [索取号:U448.11-65/B:785] | 在馆 | |
| 3 | 162655 | 201626552 | 自科库501/501自科库 54排4列3层/ [索取号:U448.11-65/B:785] | 在馆 | |
| 4 | 162656 | 201626561 | 自科库501/501自科库 54排4列3层/ [索取号:U448.11-65/B:785] | 在馆 | |
| 5 | 162657 | 201626570 | 自科库501/501自科库 54排4列3层/ [索取号:U448.11-65/B:785] | 在馆 |